Khulasatul Quran Para Amm : / خلاصۃ القرآن پارہ عم (Record no. 26920)

MARC details
000 -LEADER
fixed length control field 00502nam a22001697a 4500
003 - CONTROL NUMBER IDENTIFIER
control field BDDh-ASL
005 - DATE AND TIME OF LATEST TRANSACTION
control field 20231015030712.0
008 - FIXED-LENGTH DATA ELEMENTS--GENERAL INFORMATION
fixed length control field 211020s1939 ii ||||| |||| 00| 0 u d
040 ## - CATALOGING SOURCE
Original cataloging agency BDDh-ASL
Transcribing agency BDDh-ASL
082 ## - DEWEY DECIMAL CLASSIFICATION NUMBER
Classification number 297.122
Item number HAK
100 1# - MAIN ENTRY--PERSONAL NAME
9 (RLIN) 5255
Personal name Hasan, Maulavi Izharul
245 10 - TITLE STATEMENT
Title Khulasatul Quran Para Amm : / خلاصۃ القرآن پارہ عم
260 ## - PUBLICATION, DISTRIBUTION, ETC.
Place of publication, distribution, etc. Kolkata :
Name of publisher, distributor, etc. Mahbubul Matabi Press ,
Date of publication, distribution, etc. 1939.
300 ## - PHYSICAL DESCRIPTION
Extent 128 p. :
Dimensions 25 cm.
650 #0 - SUBJECT ADDED ENTRY--TOPICAL TERM
9 (RLIN) 1854
Topical term or geographic name entry element Quran
942 ## - ADDED ENTRY ELEMENTS (KOHA)
Source of classification or shelving scheme Dewey Decimal Classification
Koha item type Books
Holdings
Withdrawn status Lost status Source of classification or shelving scheme Damaged status Not for loan Collection code Home library Current library Shelving location Date acquired Source of acquisition Serial Enumeration / chronology Total Checkouts Full call number Barcode Date last seen Copy number Price effective from Koha item type
    Dewey Decimal Classification     Non-fiction Asiatic Society Library Asiatic Society Library General Stacks 10/20/2021 ASB Library Collection U-0455   297.122 HAK 112982 10/20/2021 C-1 10/20/2021 Books

Powered by Koha